|
|
|
|
| LEADER |
00000cam a2200000 a 4500 |
| 001 |
2620-3 |
| 003 |
Ucuenca |
| 005 |
20231129062710.0 |
| 008 |
000000|1936 ||||||||r|||||||||||spa|| |
| 040 |
|
|
|b spa
|
| 041 |
0 |
|
|a es
|
| 082 |
0 |
|
|a 580
|
| 100 |
1 |
|
|a Rojas, Ulises
|9 14562
|
| 245 |
|
|
|a Elementos de Botánica general
|c Ulises Rojas
|h imp
|n tomo 3
|
| 264 |
|
|
|a Guatemala
|b Impreso en la Litografía Nacional
|c 1936
|
| 300 |
|
|
|a 677-1661 páginas:
|b ilu
|c 25 cm
|
| 504 |
|
|
|a incl. ref.
|
| 650 |
|
7 |
|a Botánica
|9 4506
|
| 852 |
|
|
|a UC-CDJBV
|f Compra
|l 1
|m Limitada
|p 00000000
|t 2620-3
|b 1
|d CDRC
|e CDRC
|g 580 ESTANTERIA CERRADA
|z 0000-00-00
|
| 942 |
|
|
|c BK
|2 ddc
|r bladimir.cabrerar@ucuenca.edu.ec
|
| 999 |
|
|
|c 37857
|d 37857
|